000 00800nam a2200229 a 4500
005 20250221063747.0
008 030203s2000 mx r 000 0 spa d
020 _a9701840984
035 _aUPN01000121738
049 _aLTG
050 4 _aLB2003.3 A1.46
_bC8.7 GE
245 0 0 _aCurso nacional de integración educativa :
_bguía de estudio /
_ccoord. Ismael García Cedillo.
260 _aMéxico :
_bSEP,
_cc2000.
300 _a207 p. :
_btablas
440 0 _aPrograma Nacional de Actualización Permanente
650 4 _aMaestros en servicio, Formación de
_9390
650 4 _aEducación especial
_93029
650 4 _aIntegración escolar
_9306
700 1 _aGarcía Cedillo, Ismael,
_ecoord.
_932796
710 1 _aMéxico.
_bSubsecretaría de Educación Básica y Normal
_927954
905 _aLibro
999 _c93951
_d93951